| 000 | 00837cab a2200289 4500 | ||
|---|---|---|---|
| 001 | ABS56475 | ||
| 008 | 090401t1997 xxu||||| |||| 00| 0 eng d | ||
| 035 | _a(Sirsi) u23911 | ||
| 041 | _aeng | ||
| 100 | _aGann, D. | ||
| 245 | _aProperty conversion - myth or reality? | ||
| 260 | _c1997 | ||
| 350 | _a0 | ||
| 490 |
_aCSM (Chartered Surveyor Monthly) _v6(4) January 1997, 26-27(2) |
||
| 520 | _aLooks at the alternative uses for office buildings and studies a report, "Offices into flats", funded by the Joseph Rowntree Foundation. | ||
| 650 | _aALTERNATIVE USES | ||
| 650 | _aCONVERSION | ||
| 650 | _aEMPTY OFFICES | ||
| 650 | _aFLATS | ||
| 650 | _aJOSEPH ROWNTREE FOUNDATION | ||
| 650 | _aOFFICES | ||
| 650 | _aRESIDENTIAL USE | ||
| 690 | _aHOUSING | ||
| 700 | _aBarlow, J. | ||
| 942 | _n0 | ||
| 948 | _c04/03/1997 | ||
| 999 |
_c16008 _d16008 |
||